| 000 | 00647nam a22001937a 4500 | ||
|---|---|---|---|
| 942 | _cBK | ||
| 999 |
_c828 _d828 |
||
| 005 | 20250420134825.0 | ||
| 008 | 230419b ||||| |||| 00| 0 eng d | ||
| 020 | _a6281072000646 | ||
| 040 | _cKCST | ||
| 082 |
_2155.24 _aجو من |
||
| 100 |
_aسبنسر جونسون _95731 |
||
| 245 |
_a من الذي حرك قطعة الجبن الخاصة بي ؟ _cسبنسر جونسون |
||
| 260 |
_a، الرياض، المملكة العربية السعودية _b،مكتبة جرير _c2017 |
||
| 300 | _a92 ص | ||
| 650 |
_aالتغيير (علم النفس) _95732 |
||
| 650 |
_aالنجاح (علم نفس) _95733 |
||
| 942 | _2ddc | ||